000 00710nam a2200229Ia 4500
003 IN-BaIIA
008 211028s9999 xx 000 0 eng d
020 _a3-540-10134-9
040 _cIIA Library
080 _a048.1:52
_b79-26
100 _aBohme, S
_99376
245 0 _aAstronomy and Astrophysics
_bvol. 26, pt. 2, literature 1979
_cS. Bohme.., [et al.]
260 _aBerlin
_bSpringer-Verlag
_c1980
300 _ax, 794p.
650 _aAbstracts-Astronomy and Astrophysics
_96051
650 _aAstronomy and Astrophysics Abstracts
_96052
650 _aAstronomy and Astrophysics Thesaurus
700 _aEsser, U.
_99455
700 _aFricke, W.
_99456
700 _aHeinrich, I.
_99916
942 _cBK
999 _c6750
_d6750